Želateľný morálny a intelektuálny profil diplomata súčasnosti

Pojem diplomat a diplomacia v zahraničnej literatúre. Kvantitatívne znaky ideálneho diplomata. Diplomatické správanie sa.

Salvato in:
Dettagli Bibliografici
Autore principale: Králik, Juraj
Natura: Capitolo di libro
Lingua:slovacco
Soggetti:
Tags: Aggiungi Tag
Nessun Tag, puoi essere il primo ad aggiungerne!!

MARC

LEADER 00000naa a2200000 4500
001 r048990
005 20231006071551.4
041 0 |a slo 
044 |a SK 
245 1 0 |a Želateľný morálny a intelektuálny profil diplomata súčasnosti  |c Juraj Králik 
520 |a Pojem diplomat a diplomacia v zahraničnej literatúre. Kvantitatívne znaky ideálneho diplomata. Diplomatické správanie sa. 
610 2 0 |a diplomati 
610 2 0 |a diplomacia 
610 2 0 |a správanie 
610 2 0 |a informácie 
610 2 0 |a vzťahy neformálne 
610 2 0 |a vzťahy politické medzinárodné 
610 2 0 |a vzťahy funkčné 
610 2 0 |a vzťahy formálne 
100 1 |a Králik, Juraj